000 01153nam a2200325 i 4500
003 DO-SdBNP
005 20260302104244.0
007 ta
008 091021t1995 xxu r 000 f spa d
020 _a0452274427
040 _aDO-SdBNP
_bspa
_cBNPHU
_erda
041 1 7 _heng
082 4 _aRD863.44
_bA473i 1995
_222
100 1 _aÁlvarez, Julia,
_d1950-
_eautor
_4aut.
_95624
245 1 0 _aIn the time of the butterflies /
_cJulia Álvarez.
264 1 _aEstados Unidos :
_bA Plume / Penguin Book,
_c1995.
300 _a325 páginas ;
_c23 cm.
336 _atexto
_btxt
_2rdacontent
337 _asin mediación
_bn
_2rdamedia
338 _avolumen
_bnc
_2rdacarrier
500 _aObra de ficción sobre la vida de las hermanas Mirabal basada en hechos históricos.
590 _aInventariado, 2025/BT
600 1 4 _aMirabal, María Teresa, 1935-1960
_vNovela
_927381
600 1 4 _aMirabal, María Teresa, 1935-1960
_vNovela
_927382
600 1 4 _aMirabal, Patria Mercedes, 1924-1960
_vNovela
_927383
650 4 _aNovela histórica dominicana.
_9860
650 4 _aLiteratura histórica dominicana
_924340
910 _aBtavárez
942 _2ddc
_cLBS1
999 _c58777
_d58777